ARRUPE JESUIT UNIVERSITY

CORONAVIRUS -STOP THE SPREAD - CLEAN,DISINFECT,COVER

In pursuit of freedom and justice : (Record no. 124340)

MARC details
000 -LEADER
fixed length control field 01271cam a22003615i 4500
001 - CONTROL NUMBER
control field 18962669
003 - CONTROL NUMBER IDENTIFIER
control field ARRUPE
005 - DATE AND TIME OF LATEST TRANSACTION
control field 20160309082513.0
008 - FIXED-LENGTH DATA ELEMENTS--GENERAL INFORMATION
fixed length control field 160205s2015 rh ab 000 0aeng d
010 ## - LIBRARY OF CONGRESS CONTROL NUMBER
LC control number 2015334024
020 ## - INTERNATIONAL STANDARD BOOK NUMBER
International Standard Book Number 9781779222824
020 ## - INTERNATIONAL STANDARD BOOK NUMBER
International Standard Book Number 1779222823
035 ## - SYSTEM CONTROL NUMBER
System control number (OCoLC)ocn929056264
040 ## - CATALOGING SOURCE
Original cataloging agency YDXCP
Language of cataloging eng
Transcribing agency YDXCP
Modifying agency BTCTA
Description conventions rda
Modifying agency NUI
-- DLC
042 ## - AUTHENTICATION CODE
Authentication code lccopycat
043 ## - GEOGRAPHIC AREA CODE
Geographic area code f-rh---
050 ## - LIBRARY OF CONGRESS CALL NUMBER
Classification number DT2999.M87A3
300 ## - PHYSICAL DESCRIPTION
Other physical details illustrations, map ;
Dimensions 21 cm
100 1# - MAIN ENTRY--PERSONAL NAME
Personal name Msipa, Cephas G.,
Relator term author.
9 (RLIN) 22828
245 10 - TITLE STATEMENT
Title In pursuit of freedom and justice :
Remainder of title a memoir /
Statement of responsibility, etc Cephas G. Msipa.
260 ## - PUBLICATION, DISTRIBUTION, ETC. (IMPRINT)
Place of publication, distribution, etc Harare
Name of publisher, distributor, etc Weaver Press
Date of publication, distribution, etc 2015
300 ## - PHYSICAL DESCRIPTION
Extent xiv, 185 pages :
600 10 - SUBJECT ADDED ENTRY--PERSONAL NAME
Personal name Msipa, Cephas G.
9 (RLIN) 22829
610 20 - SUBJECT ADDED ENTRY--CORPORATE NAME
Corporate name or jurisdiction name as entry element Zimbabwe African People's Union
General subdivision History.
9 (RLIN) 2855
610 20 - SUBJECT ADDED ENTRY--CORPORATE NAME
Corporate name or jurisdiction name as entry element Zimbabwe
General subdivision History
Chronological subdivision 1965-
9 (RLIN) 22830
650 #0 - SUBJECT ADDED ENTRY--TOPICAL TERM
Topical term or geographic name as entry element Politicians
Geographic subdivision Zimbabwe
Form subdivision Biography.
9 (RLIN) 22831
650 #0 - SUBJECT ADDED ENTRY--TOPICAL TERM
Topical term or geographic name as entry element Nationalists
Geographic subdivision Zimbabwe
Form subdivision Biography.
9 (RLIN) 22832
650 #0 - SUBJECT ADDED ENTRY--TOPICAL TERM
Topical term or geographic name as entry element Political prisoners
Geographic subdivision Zimbabwe
Form subdivision Biography.
9 (RLIN) 22833
650 #0 - SUBJECT ADDED ENTRY--TOPICAL TERM
Topical term or geographic name as entry element National liberation movements
Geographic subdivision Zimbabwe
General subdivision History.
9 (RLIN) 22834
651 #0 - SUBJECT ADDED ENTRY--GEOGRAPHIC NAME
Geographic name Zimbabwe
General subdivision Politics and government.
9 (RLIN) 22835
906 ## - LOCAL DATA ELEMENT F, LDF (RLIN)
a 0
b ibc
c copycat
d 2
e ncip
f 20
g y-gencatlg
942 ## - ADDED ENTRY ELEMENTS (KOHA)
Source of classification or shelving scheme Library of Congress Classification
Koha item type Monograph ( Printed materials)
Holdings
Withdrawn status Lost status Source of classification or shelving scheme Damaged status Not for loan Collection code Home library Current library Shelving location Date acquired Total Checkouts Full call number Barcode Date last seen Date checked out Price effective from Koha item type
    Library of Congress Classification     Main Collection ARRUPE LIBRARY ARRUPE LIBRARY Main Collection 09/03/2016 1 DT2999.M87A3 46500006335 07/12/2017 15/03/2017 09/03/2016 Monograph ( Printed materials)

 

Arrupe Library. PO Box MP320 Mt Pleasant, Harare, Zimbabwe
263 242 745411|librarian@aju.ac.zw